| 000 | 00721nam a2200265Ia 4500 | ||
|---|---|---|---|
| 003 | OSt | ||
| 005 | 20221005062458.0 | ||
| 006 | a|||||r|||| 00| 0 | ||
| 007 | ta | ||
| 008 | 221004b |||||||| |||| 00| 0 eng d | ||
| 020 | _a076195865 | ||
| 024 | _a34319 | ||
| 037 | _cTextual | ||
| 040 |
_aCRL _cCRL _beng |
||
| 041 |
_2eng _aeng |
||
| 082 | _aV1:194x, N9 | ||
| 100 |
_aBornschier Volker Ed _9601885 |
||
| 245 | 0 | _aFuture of global conflict | |
| 260 |
_aLondon _bSage _c1999 |
||
| 300 |
_a310p. _ccm. |
||
| 650 | _aHISTORY | ||
| 700 |
_a Chase-Dunn Christopher Ed _9601886 |
||
| 942 |
_hV1:194x, N9 _cTEXL _2cc |
||
| 999 |
_c969783 _d969783 |
||